000 00506nam a2200217Ia 4500
003 OSt
005 20221005114125.0
006 a|||||r|||| 00| 0
007 ta
008 ORI
024 _a27592
037 _cTextual
040 _aCRL
_cCRL
_bORI
041 _2ORI
_aORI
082 _aO1591,3NPA,3, K6
100 _aPattanaik Rabi
_9625493
245 0 _aAndhagalira andhakar
260 _c1966
942 _hO1591,3NPA,3, K6
_cTEXL
_2cc
999 _c1030311
_d1030311